| 000 | 02921nam0a2200397 4500 | ||
|---|---|---|---|
| 001 | RU\NLR\BIBL_A\012933358 | ||
| 005 | 20250624232205.0 | ||
| 010 |
_a978-5-907598-68-3 _9500 |
||
| 021 |
_aRU _b2022-66540 _9КН-П-5777 |
||
| 035 | _a(RuMoRGB)011248851 | ||
| 035 | _a(NLR Aleph) 012933358 | ||
| 090 |
_a12681781 _c12681781 |
||
| 100 | _a20221108d2022 |||y0rusy50 ca | ||
| 101 | 0 | _arus | |
| 102 | _aRU | ||
| 105 | _aa j 010zy | ||
| 181 | 0 |
_ai3 _baxxe |
|
| 182 | 0 | _an | |
| 200 | 1 |
_aСорные растения, основные вредители и болезни на посевах риса _eучебное пособие _eдля обучающихся по направлениям 35.03.04 Агрономия, 20.03.02 Природообустройство и водопользование _fВ. Н. Герасименко, Е. С. Бойко _gМинистерство сельского хозяйства Российской Федерации, ФГБОУ ВО "Кубанский государственный аграрный университет имени И. Т. Трубилина" |
|
| 203 |
_aТекст _bвизуальный _cнепосредственный |
||
| 210 |
_aКраснодар _cКубГАУ _d2022 |
||
| 215 |
_a102 с. _cил. _d20 |
||
| 300 | _aНа обл.: КубГАУ, 100: 1922-2022 | ||
| 320 | _aБиблиогр.: с. 94-101 (104 назв.) | ||
| 330 | _aВ учебном пособии рассмотрены морфологические характеристики сорных растений, болезни и вредители на посевах риса. Особое внимание обращено на агротехнологические способы борьбы с ними, не влияющие на экологическую чистоту и качество конечной продукции. Предназначено для обучающихся по направлениям Агрономия, Природообустройство и водопользование, аспирантов, а также специалистов в области рисоводства | ||
| 606 | 1 |
_aРис _jУчебные издания _xСорные растения _91052912 _3RU\NLR\AUTH\66407295 |
|
| 606 | 1 |
_aРис _jУчебные издания _xБолезни и вредители _91066661 _3RU\NLR\AUTH\6696348 |
|
| 675 |
_a632.3/.7:633.18(075.8) _v4 |
||
| 686 | 1 | _aП146.7я7 | |
| 686 | 1 | _aП491.12я7 | |
| 700 | 1 |
_aГерасименко _bВ. Н. _cканд. с.-х. наук _gВиталий Николаевич _9226236 _3RU\NLR\AUTH\770226292 |
|
| 701 | 1 |
_aБойко _bЕ. С. _cпреподаватель, агрометеорология _gЕлена Сергеевна _9226231 _3RU\NLR\AUTH\770226287 |
|
| 942 | _cBOOK | ||
| 980 | _aNB | ||